| 000 | 01079nam a22001097a 4500 | ||
|---|---|---|---|
| 999 |
_c2900 _d2900 |
||
| 008 | 181217b ||||| |||| 00| 0 eng d | ||
| 100 | _aStrobel, Wolfgang | ||
| 245 | _aSowjetische regionale Postzensur in Deutschland 1945 bis 1950 : Handbuch und Katalog | ||
| 260 |
_aBonn, Germany _bW. Stobel ; Hans-Joachim Walch _c1997 |
||
| 650 | _aAllied Occupation -- Germany | Russia -- Occupation of Germany | Russia -- Occupation of Germany -- East Berlin | Russia -- Occupation of Mecklenburg-Vorpommern | Russia -- Occupation of Saxony | Russia -- Occupation of Thuringia | Berlin | Germany, East (1945-1990) | Allied Occupation -- Mecklenburg-Vorpommern | Allied Occupation -- Thuringia | Allied Occupation -- Berlin | Censored Mail | 1945-1950 | Post World War II | Postal History | Postal Service | Post Office Sorting Codes | Postal Markings | Covers | Railway Mail | Catalogs and Price Lists | OPDs | Oberpostdirektion | Post Offices | Postal Districts | Post Office Seals and Labels | Registered Mail | Collecting | Guides and Handbooks | Bibliographies | ||
| 700 | _aWalch, Hans-Joachim | ||